000 00774nam a2200217 a 4500
001 000026253
005 20200930024431.0
008 110307s20uu dr 000 0 spa d
040 _aDO-SdBNP
_bspa
_cBNPHU
082 _a395.123
_bA452j
100 1 _aAlmonte, Mario José,
_d1980 -
_936579
245 1 0 _aJuventud eres diamante de luz /
_cMario José Almonte.
260 _aSantiago de los Caballeros, República Dominicana :
_bImpresos F y M,
_c[200?].
300 _a190 p. ;
_c21 cm.
500 _aIncluye datos biográficos del autor en la contraportada.
650 4 _aJuventud
_xConducta de vida
_97694
650 4 _aJuventud
_xVida religiosa
_953281
650 4 _aÉtica sexual para jóvenes
_946329
650 4 _aLibros y lectura para jóvenes
_953282
049 _aBNPD
999 _c25745
_d25745